• 首页
  • 本馆介绍
  • 公告通知
  • 最新文献
  • 馆藏检索
  • 电子资源
  • 读者荐购
  • 参考咨询
  • CALIS
  • 我的图书馆
  • 登录
  • 详细信息显示
  • 放入我的书架
  • 预约/预借图书
  • 作者相关作品
  • 分类相关作品
  • 丛书相关作品
  • 出版社相关作品

书目信息

  • 表格格式
  • 工作单格式
  • 卡片格式
题名:
会计操作实务:会计人员必读
    
 
作者: 于敏 编著
分册:  
出版信息: 北京   机械工业出版社  1998.06
页数: 319页
开本: 32开
丛书名:
单 册:
中图分类: F23
科图分类:
主题词: 会计
电子资源:
ISBN: 7-111-06019-9
 
 
 
 
 
000 00568nam0 2200193 45
001 0009191985
005 20000919193721.1
010    @a7-111-06019-9@d19.00元
100    @a20000919d1998 km y0chiy0120 ea
101 0  @achi
105    @a z 000yy
200 1  @a会计操作实务:会计人员必读@AKuai Ji Cao Zuo Shi Wu:Kuai Ji Ren Yuan Bi Du@f于敏等编著@FYu Min Deng Bian Zhu
210    @a北京@c机械工业出版社@d1998.06
215    @a319页@d32开
606 0  @a会计
690    @aF23@v3
701  0 @a于敏@4编著
801    @aCN@bPftUser@c20000919
905    @b149298-302@dF23@eY.480@f5
    
    会计操作实务:会计人员必读/于敏等编著.-北京:机械工业出版社,1998.06
    319页;32开
    
    
    ISBN 7-111-06019-9:19.00元
    
●
相关链接 在E读中查询图书 在当当中查询图书 在豆瓣中查询图书


正题名:会计操作实务:会计人员必读     索取号:F23/Y.480         预约/预借

序号 登录号 条形码 馆藏地/架位号 状态 备注
1 149298   201492982   社科库409/409社科库 74排2列3层/ [索取号:F23/Y.480] 在馆    
2 149299   201492991   社科库409/409社科库 74排2列3层/ [索取号:F23/Y.480] 在馆    
3 149300   201493008   社科库409/400B社科库 22排1列6层/ [索取号:F23/Y.480] 在馆    
4 149301   201493017   社科库409/400B社科库 1排2列2层/ [索取号:F23/Y.480] 在馆    
5 149302   201493026   社科库409/400B社科库 1排4列2层/ [索取号:F23/Y.480] 在馆    
河南城建学院图书馆 欢迎您!
大连网信软件有限公司© 版权所有